000 00608cam a22002173a 4500
001 45008
003 PGUSA
005 20140828084028.0
008 140225s2014||||xxu|||||s|||||000 | eng d
040 _aPGUSA
_beng
042 _adc
100 1 _aKipling, Rudyard,
_d1865-1936
245 1 0 _aViidakkopoika
_h[electronic resource] /
_cRudyard Kipling
260 _bProject Gutenberg,
_c2014
506 _aPublic domain in the USA.
516 _aElectronic text
700 1 _aHämeen-Anttila, Väinö
830 0 _aProject Gutenberg
_v45008
856 4 0 _uhttp://www.gutenberg.org/ebooks/45008
942 _cEB
999 _c274259
_d274259